000 00341 a2200145 4500
001 176414
020 _a
040 _cMagnum
100 _aNascimento, Ana Lucia
240 1 0 _aHiv, aids o que e isso gente ?
_lpor
245 1 0 _aHiv, aids o que e isso gente ?
362 0 _a1899
697 _aMAGNITO: CIENCIAS MEDICAS SAUD
942 _cBK
999 _c176414
_d176414